000
00331nam a22001457a 4500
003
SGT
020
_a
9789353450779
082
_a
320.954
_b
A20J
100
_a
JAITLEY, ARUN
245
_a
A NEW INDIA: SELECTED WRITINGS 14-19
260
_b
JUGGERNAUT BOOKS
_c
2020
300
_a
369
650
_a
POLITICAL SCIENCE
942
_2
ddc
_c
BK
999
_c
28255
_d
28255